Možnosti zvyšovania úrovne kvality ekonomického znalectva v podmienkach SR
Ekonomické znalectvo a meniace sa požiadavky trhu. Očakávané úlohy od ekonomického znalectva. Evidencia a organizovanosť ekonomických znakov. Prednosti štandardov IVS 2003 ( Medzinárodné ohodnocovacie štandardy-International valuation standards). Ilustrácia vplyvu zmeny podmienok ekonomického prostr...
Salvato in:
| Autore principale: | |
|---|---|
| Natura: | Capitolo di libro |
| Lingua: | slovacco |
| Soggetti: | |
| Tags: |
Nessun Tag, puoi essere il primo ad aggiungerne!!
|
MARC
| LEADER | 00000naa$a2200000$$$4500 | ||
|---|---|---|---|
| 001 | 0008870 | ||
| 005 | 20230808081434.2 | ||
| 041 | 0 | |a slo | |
| 044 | |a SK | ||
| 245 | 1 | 0 | |a Možnosti zvyšovania úrovne kvality ekonomického znalectva v podmienkach SR |c aut. Ivan Peschl |
| 520 | |a Ekonomické znalectvo a meniace sa požiadavky trhu. Očakávané úlohy od ekonomického znalectva. Evidencia a organizovanosť ekonomických znakov. Prednosti štandardov IVS 2003 ( Medzinárodné ohodnocovacie štandardy-International valuation standards). Ilustrácia vplyvu zmeny podmienok ekonomického prostredia na zmenu hodnoty podnikov. | ||
| 610 | 2 | 0 | |a oceňovanie ekonomické |
| 610 | 2 | 0 | |a znalci |
| 610 | 2 | 0 | |a štandardy ohodnocovacie medzinárodné |
| 610 | 2 | 0 | |a prípady účtovné |
| 610 | 2 | 0 | |a ohodnocovanie podniku |
| 610 | 2 | 0 | |a štandardy |
| 610 | 2 | 0 | |a prostredie ekonomické |
| 610 | 2 | 0 | |a hodnota podniku |
| 610 | 2 | 0 | |a parametre ekonomické |
| 100 | 1 | |a Peschl, Ivan | |